Statistics for Largest Cities in Europe Beginning With 'C'

Click here to take the quiz!

General Stats

  • This quiz has been taken 195 times
  • The average score is 8 of 18

Answer Stats

#PopulationCountryAnswer% Correct
21,750,000DenmarkCopenhagen
99%
14,975,000GermanyCologne-Dusseldorf
95%
5532,513MoldovaChișinău
86%
4593,025United KingdomCardiff
73%
3695,732United KingdomCoventry-Nuneaton
61%
10316,807SpainCórdoba
60%
9324,700RomaniaCluj-Napoca
55%
12298,324ItalyCatania
47%
13290,454BelgiumCharleroi
44%
17269,700RomaniaConstanța
34%
7441,600GermanyChemnitz
29%
14282,747UkraineChernihiv
19%
15273,443FranceClermont-Ferrand
16%
6497,807RussiaCheboksary
13%
16269,836UkraineCherkasy
12%
8337,882SpainCastellón-Villarreal
9%
18264,298UkraineChernivtsi
8%
11305,185RussiaCherepovets
7%

Score Distribution

Percentile by Number Answered

Percent of People with Each Score

Your Score History

You have not taken this quiz